Поехали 2.2!

Saved in:
Bibliographic Details
Main Author: Чернышов, Станислав.
Format: Book
Language:Russian
Published: Санкт-Петербург 2008
Subjects:
Tags: Add Tag
No Tags, Be the first to tag this record!
Institutions: Mạng thư viện Đại học Đà Nẵng
LEADER 01150nam a22003251a 4500
001 000041117
003 17413
005 20160419000000.0
008 160419s2008 000 rus
041 |a rus 
082 |a 491.783  |b Че-С  |2 Nghe - Nói 5,6 
100 |a Чернышов, Станислав. 
245 |a Поехали 2.2!  |c Станислав Чернышов, Алла Чернышова, 
260 |a Санкт-Петербург  |c 2008 
300 |a 178tr. : mh ; 30cm 
650 |a Поехали 2.2! , Nghe - Nói 5,6, Nghe, Nói . 
852 |b Chuyên đề  |c Giáo trình 
OWN |a LNN 
AVA |a UDN50  |b LNN  |d 491.783 Че-С  |e available  |t Error 5001 Not defined in file expand_doc_bib_avail.  |f 1  |g 0  |h N  |i 0  |k 1 
999 |a From the UDN01 
AVA |a UDN50  |b LNN  |d 491.783 Че-С  |e available  |t Error 5001 Not defined in file expand_doc_bib_avail.  |f 1  |g 0  |h N  |i 0  |k 1 
TYP |a Monograph 
TYP |a Printed language 
980 |a Mạng thư viện Đại học Đà Nẵng